000 00583nam a2200193Ia 4500
005 20250508150152.0
008 008 250505s9999 xx 000 0 eng d
037 _aTextual
040 _aFEDL
_beng
_cFEDL
041 _aeng
_2eng
084 _a155.4, BOW
_qFEDL
100 _aBowley Agatha H.
_993368
245 0 _aGuiding the normal child: A guid for parents, teachers, students and others
260 _aNew York, USA
_bPhilosophical Library
_c1943
300 _axv,174p
650 _aChild psychology
942 _cTEXL
_h155.4, BOW
999 _c1322162
_d1322162